<?xml version="1.0" encoding="UTF-8"?>
<record
    xmlns:xsi="http://www.w3.org/2001/XMLSchema-instance"
    xsi:schemaLocation="http://www.loc.gov/MARC21/slim http://www.loc.gov/standards/marcxml/schema/MARC21slim.xsd"
    xmlns="http://www.loc.gov/MARC21/slim">

  <leader>00912nas a22002057i 4500</leader>
  <controlfield tag="001">6349</controlfield>
  <controlfield tag="003">OSt</controlfield>
  <controlfield tag="005">20170126082355.0</controlfield>
  <controlfield tag="007">tu</controlfield>
  <controlfield tag="008">161220s        xxu||||| |||| 00| 0     d</controlfield>
  <datafield tag="022" ind1=" " ind2=" ">
    <subfield code="a">1506-7971</subfield>
  </datafield>
  <datafield tag="024" ind1="7" ind2=" ">
    <subfield code="a">6349</subfield>
    <subfield code="2">RID</subfield>
  </datafield>
  <datafield tag="024" ind1="7" ind2=" ">
    <subfield code="a">6349</subfield>
    <subfield code="2">RSN (alt)</subfield>
  </datafield>
  <datafield tag="040" ind1=" " ind2=" ">
    <subfield code="c">OSt</subfield>
  </datafield>
  <datafield tag="245" ind1="0" ind2="0">
    <subfield code="a">Research Bulletin</subfield>
  </datafield>
  <datafield tag="260" ind1=" " ind2=" ">
    <subfield code="a">Warsaw :</subfield>
    <subfield code="b">Statistical Publishing Establishment.</subfield>
  </datafield>
  <datafield tag="110" ind1="2" ind2=" ">
    <subfield code="a">Research Centre for Economic &amp; Statistical Studies of the Central Statistical Office</subfield>
  </datafield>
  <datafield tag="866" ind1=" " ind2="0">
    <subfield code="u">1991/2 - 2008/6 (unvollst&#xE4;ndig)</subfield>
  </datafield>
  <datafield tag="866" ind1=" " ind2="0">
    <subfield code="u">&lt;br&gt;&lt;br&gt;vorhanden:&lt;br&gt;1991/ Nr.2, Nr.6&lt;br&gt;1992/ Nr.7, Nr.12&lt;br&gt;1993/ Nr.2, Nr.8&lt;br&gt;1994/ Nr.1, Nr. 6, Nr.12&lt;br&gt;1995/ Nr.1, Nr.6&lt;br&gt;1996/ Nr.2, Nr.12&lt;br&gt;1997/ Nr.7&lt;br&gt;1998/ Nr.2,Nr.6&lt;br&gt;1999/ Nr.2, Nr.6&lt;br&gt;2000/ Nr.1, Nr.6&lt;br&gt;2001/ Nr.1&lt;br&gt;2002/ Nr. 1-12&lt;br&gt;2003/ Nr. 1-12&lt;br&gt;2004/ Nr. 1-12&lt;br&gt;2005/ Nr. 1-6, Nr. 11-12&lt;br&gt;2006/ Nr. 1-12&lt;br&gt;2007/ Nr. 1-12&lt;br&gt;2008/ Nr.1-4</subfield>
  </datafield>
  <datafield tag="942" ind1=" " ind2=" ">
    <subfield code="c">J</subfield>
  </datafield>
  <datafield tag="999" ind1=" " ind2=" ">
    <subfield code="c">5944</subfield>
    <subfield code="d">5944</subfield>
  </datafield>
  <datafield tag="952" ind1=" " ind2=" ">
    <subfield code="0">0</subfield>
    <subfield code="1">0</subfield>
    <subfield code="4">0</subfield>
    <subfield code="7">0</subfield>
    <subfield code="a">BIB</subfield>
    <subfield code="b">BIB</subfield>
    <subfield code="c">1</subfield>
    <subfield code="d">2004-08-04</subfield>
    <subfield code="i">6349</subfield>
    <subfield code="l">0</subfield>
    <subfield code="p">10001843</subfield>
    <subfield code="r">2017-01-26 00:00:00</subfield>
    <subfield code="w">2017-01-26</subfield>
    <subfield code="y">J</subfield>
  </datafield>
</record>
